[Event "Perm op-A 11"]
[Site "Perm"]
[Date "2008.11.15"]
[Round "5"]
[White "Tuljaev, Andrey"]
[Black "Posiagin, Andrey"]
[Result "1/2-1/2"]
[WhiteElo "2153"]
[BlackElo "2113"]
[PlyCount "24"]
[EventDate "2008.11.14"]
[EventType "swiss"]
[EventRounds "8"]
[EventCountry "RUS"]
[SourceTitle "EXT 2022"]
[Source "ChessBase"]
[SourceDate "2021.10.06"]
[SourceVersion "1"]
[SourceVersionDate "2021.10.06"]
[SourceQuality "1"]

1. e4 c5 2. Nf3 Nc6 3. d4 cxd4 4. Nxd4 Nf6 5. Nc3 e5 6. Ndb5 d6 7. Bg5 a6 8. Na3 b5 9. Nd5 Qa5+ 10. Bd2 Qd8 11. Nxf6+ Qxf6 12. c3 Be6 1/2-1/2